000 00208 a2200097 4500
001 1462
100 _aAlexander
245 _aManufacturing propertiesof materials
260 _a
_bVan Co
_c
090 _c1005
_d1005
942 _aNUST-CAE
_cM
_c59
999 _c236535
_d236535